name the desserts! - Statistics

General Stats
  • This quiz has been taken 146 times
  • The average score is 10 of 16
Answer Stats
Picture Answer % Correct
cake
94%
ice cream
93%
milkshake
83%
cheesecake
82%
macaroon
80%
brownies
74%
pie
70%
banana split
69%
creme brulee
67%
cookies
65%
flan
57%
doughnuts
55%
cannoli
48%
funnel cake
40%
caramel apples
33%
pineapple upside down cake
22%
No matching quizzes found
Score Distribution
Percent of People with Each Score
Percentile by Number Answered
Your Score History
You have not taken this quiz